000 00476cam a22001457a 4500
008 180718b1997 xxu||||| |||| 00| 0 eng d
082 _aQ31x548 D262
100 _aDatt, Gaurav
245 _aSome aspects of poverty in Sri Lanka: 1985-90
_cby Gaurav Datt and Dileni Gunewardena
260 _aWashington, D.C.
_bThe World Bank
_c1997
300 _a61p.
440 _aPolicy research working paper 1738
650 _aPoverty - Sri Lanka, 1985-90
700 _aGunewardena, Dileni
999 _c269806
_d269806